National Anthem of Luxembourg - "Ons Heemecht" - Statistics

General Stats
  • This quiz has been taken 8 times
  • The average score is 24 of 83
Answer Stats
Answer % Correct
Wou
100%
d'Uelzecht
67%
duerch
67%
brécht,
50%
d'Fielsen
50%
d'Sauer
50%
d'Wisen
50%
zéit,
50%
a
33%
alles
33%
an
33%
as
33%
behitt
33%
bléit,
33%
Dat
33%
dat
33%
dat
33%
déif
33%
den
33%
d'Lëtzebuerger
33%
d'Musel
33%
do
33%
dofteg
33%
d'Rief
33%
dron.
33%
Du
33%
Du
33%
duerch
33%
durech
33%
d'Welt
33%
fir
33%
Hand
33%
hei
33%
Himmel
33%
Joch
33%
laanscht
33%
Land,
33%
Land
33%
Leed;
33%
leet,
33%
mécht:
33%
mir
33%
mir
33%
nidden
33%
O
33%
ons
33%
ons
33%
onst
33%
seng
33%
sou
33%
uewen,
33%
Wäin
33%
won,
33%
wou
33%
all
17%
als
17%
blénken
17%
de
17%
déi
17%
d'Fräiheetssonn,
17%
d'Natioune
17%
du
17%
géif
17%
gesinn!
17%
ginn,
17%
Heemechtsland
17%
Hierzer
17%
hues
17%
Kanner
17%
laang
17%
mir
17%
ons
17%
onsen
17%
schon
17%
sou
17%
viru
17%
deen
0%
fräie
0%
friemem
0%
Geescht
0%
jo
0%
looss
0%
vru
0%
No matching quizzes found
Score Distribution
Percent of People with Each Score
Percentile by Number Answered
Your Score History
You have not taken this quiz